000 00505nam a2200181Ia 4500
005 20240610054844.0
008 240331s9999 xx 000 0 und d
082 _bGOM
_a323
100 _aGomez, Mario
100 _aGomez, Shyamala
245 0 _aStriking a balance
_bUsing international human rights to achieve gender equality
260 _aColombo
_bCanadian International Development Agency
_c2004
300 _a177, p .,
650 _aWoman
650 _aHuman Rights
650 _aLaw
942 _cL
999 _c4539
_d4539